Príprava a realizácia výstavby hotela

Príprava výstavby hotela. Subjekty, ktoré sa zúčastňujú na príprave výstavby hotela. Prieskum opodstatnenosti a zmysluplnosti výstavby hotela. Fázy výstavby hotela. Projektová dokumentácia. Efektívnosť investícií.

Salvato in:
Dettagli Bibliografici
Autore principale: Litomerický, Juraj
Natura: Capitolo di libro
Lingua:slovacco
Soggetti:
Tags: Aggiungi Tag
Nessun Tag, puoi essere il primo ad aggiungerne!!

MARC

LEADER 00000naa a2200000 4500
001 0197702
005 20240502073335.9
041 0 |a slo 
044 |a SK 
245 1 0 |a Príprava a realizácia výstavby hotela  |c Juraj Litomerický 
520 |a Príprava výstavby hotela. Subjekty, ktoré sa zúčastňujú na príprave výstavby hotela. Prieskum opodstatnenosti a zmysluplnosti výstavby hotela. Fázy výstavby hotela. Projektová dokumentácia. Efektívnosť investícií. 
610 2 0 |a hotely 
610 2 0 |a výstavba investičná 
610 2 0 |a investície 
610 2 0 |a projekty 
610 2 0 |a efektívnosť investícií 
610 2 0 |a návratnosť investícií 
100 1 |a Litomerický, Juraj